[Event "VIII Iberoamericano Mexico 2022"]
[Site "Mexico City"]
[Date "2022.02.13"]
[Round "2.12"]
[White "Almeida Quintana, Omar"]
[Black "Miranda Rodriguez, Tania"]
[Result "1-0"]
[WhiteElo "2535"]
[BlackElo "2174"]
[Annotator "TA"]
[PlyCount "92"]
[EventDate "2022.02.12"]
[EventType "swiss"]
[EventCountry "MEX"]
[SourceTitle "playchess.com"]
[Source "ChessBase"]
[SourceQuality "1"]

{[%evp 19,92,14,17,20,26,0,16,8,12,14,7,9,26,27,44,26,29,14,19,9,24,17,39,40,55,40,45,31,85,97,85,103,96,85,79,38,147,156,154,91,84,88,87,85,126,162,615,584,605,602,898,934,874,785,785,785,785,785,742,741,785,785,778,692,933,836,926,816,29962,29965,29963,29961,9497,5731,4766]} 1. d4 d5 2. Nf3 Nf6 3. c4 c6 4. Qc2 dxc4 5. Qxc4 Bf5 6. Nc3 Nbd7 7. g3 h6 8. Bg2 e6 9. O-O Be7 10. e3 O-O 11. Qe2 {D23: Queen's Gambit Accepted: 3 Nf3 Nf6 sidelines.} Ne4 12. Ne1 Ndf6 13. f3 {[%cal Rc3e4] The position is equal.} Nxc3 14. bxc3 Bh7 15. e4 c5 16. Be3 Qa5 17. Nd3 {[%cal Rd3c5] [#]} Nd7 $146 ({Predecessor:} 17... Rfd8 18. Nxc5 Bxc5 19. dxc5 Qxc3 20. Rfc1 Qa5 21. Qb2 Rd7 22. Bxh6 gxh6 23. Qxf6 Rc8 24. Qxh6 Rxc5 {½-½ (42) Grigoryan,K (2517)-Steil Antoni,F (2142) Albena 2012}) 18. Rab1 b6 19. Rfc1 Rac8 20. Bh3 cxd4 21. cxd4 {[%cal Od4d5]} Qa6 22. Nf4 {[%cal Bd3f4,Bf4e2,Be2c3,Bc3b5,Bb5d4][%mdl 32]} Qxe2 23. Nxe2 Ba3 (23... g5 $14) 24. Rc3 $16 Rxc3 25. Nxc3 Rc8 26. Nb5 {[%csl LRa3,LRa7]} Bf8 27. d5 {White is more active.} ({White should play} 27. Rc1 $16 Rxc1+ 28. Bxc1) 27... Rc2 (27... Ne5 $14 28. dxe6 (28. Nxa7 $2 Rc3 $19) 28... Nxf3+ 29. Kf2 Rc4) 28. dxe6 Ne5 29. exf7+ (29. Nd4 $142 $1 {[%cal Rd4c2]} Rc3 30. Rb3 Rxb3 31. exf7+ (31. axb3 f6 $16) 31... Kxf7 32. axb3) 29... Kxf7 30. Nd4 Rc3 {[#]} 31. Kf2 $36 {[%mdl 2048] White is in control.} Bc5 {[#]} (31... Nc4 $142) 32. Rb3 $1 Nxf3 $2 (32... Bxd4 33. Bxd4 Rc2+ 34. Ke3 Nc4+ 35. Kd3 Rxh2) 33. Rxc3 $18 Nxd4 34. Rc4 Bxe4 35. Bxd4 Bd5 36. Ra4 b5 {[#]} 37. Bxc5 $1 bxa4 38. a3 a6 39. Bf1 Bb7 40. Bg2 Bc8 41. Bc6 h5 42. Ke3 g5 43. Bxa4 {Strongly threatening h4.} h4 44. gxh4 gxh4 45. Kf4 Ke6 46. Bf2 {White threatens Bc2 and mate.} Kd5 {Weighted Error Value: White=0.08 (flawless) /Black=0.47} 1-0

[Event "VIII Iberoamericano Mexico 2022"]
[Site "Mexico City"]
[Date "2022.02.13"]
[Round "2.13"]
[White "Guevara Sanchez, Erick Marvin"]
[Black "Cordova, Emilio"]
[Result "1/2-1/2"]
[WhiteElo "2145"]
[BlackElo "2534"]
[Annotator "TA"]
[PlyCount "55"]
[EventDate "2022.02.12"]
[EventType "swiss"]
[EventCountry "MEX"]
[SourceTitle "playchess.com"]
[Source "ChessBase"]
[SourceQuality "1"]

{[%evp 16,55,52,35,59,35,101,36,115,107,132,106,156,99,114,120,139,91,156,3,33,37,112,118,116,104,99,113,90,88,91,93,137,145,133,131,247,114,130,0,188,0]} 1. e4 c5 2. c4 Nc6 3. Ne2 g6 4. d4 cxd4 5. Nxd4 Bg7 6. Be3 Nf6 7. Nc3 O-O 8. Be2 d6 9. h3 a5 {B38: Sicilian: Maroczy Bind with 5...Bg7 and 7...0-0.} 10. O-O Bd7 (10... Nxd4 $14 11. Bxd4 (11. Qxd4 Ng4 $11) 11... Bd7) 11. Rc1 (11. Ndb5 $16) 11... a4 (11... Nxd4 $14 12. Bxd4 (12. Qxd4 Ng4 $11) 12... Bh6) 12. Ndb5 $1 $16 Qa5 13. f4 {[#]} Rfd8 $146 ({Better is} 13... Rfc8) ({Predecessor:} 13... Rfc8 14. Bf3 Be6 15. Nd5 Nd7 16. b4 axb3 17. axb3 Qd8 18. Rf2 Nc5 19. Rd2 Bxd5 20. exd5 {0-1 (64) Shchekachev,A (2515)-Maghsoodloo,P (2676) Europe Echecs INT 2020}) 14. g4 ({White should try} 14. Qe1 $1) 14... Be8 15. Qe1 Nd7 {[%cal Oa4a3]} 16. Qf2 (16. a3 $142) 16... Nc5 (16... a3 $142) 17. Rfd1 $2 (17. Bxc5 dxc5 18. e5 Rd2 19. Qxc5 Rad8 $11) ({White should play} 17. a3 $16) 17... a3 $1 $11 18. bxa3 {[%cal Oe4e5]} Na7 (18... Bxc3 $14 19. Nxc3 Qxa3) 19. e5 $1 $16 (19. Bxc5 $6 dxc5 20. e5 (20. Qxc5 $2 Rxd1+ 21. Rxd1 Bxc3 $19) 20... Nxb5 21. Nxb5 Rxd1+ 22. Rxd1 Bxb5 23. cxb5 Qxa3 $15) 19... Nxb5 20. cxb5 (20. Nxb5 Ne4 21. Qe1 Qxe1+ 22. Rxe1 dxe5 $15) 20... Qxa3 21. Nd5 {[%csl LRc5,LRe7][%cal Bc3d5,Bd5b6,Bb6c4][%mdl 32]} Kh8 22. Nb6 ({But not} 22. Bxc5 dxc5 23. Rxc5 Bf8 $14) 22... Rab8 23. Nc4 {White is more active.} ({Of course not} 23. Bxc5 $6 dxc5 24. Rxc5 Rxd1+ 25. Bxd1 Qxh3 $11) 23... Qxa2 (23... Qa8 $142) 24. Ra1 $1 ({Not} 24. exd6 Ne4 25. Qf3 Nxd6 $15) 24... Qb3 25. Rdb1 $36 {[%mdl 3072] White has strong compensation. White is really pushing.} Qc2 (25... Ra8 $16) 26. Rc1 (26. Rb2 $1 $18 {[%cal Rb2c2]} Qe4 27. Nd2) 26... Qb3 {[#]} 27. Rcb1 (27. Ra3 $1 $16 {[%cal Ra3b3]} Qb4 28. Qf1) 27... Qc2 $18 {[#] And now ...Ne4 would win.} 28. Rc1 $2 {Weighted Error Value: White=0.37/Black=0.26 (precise)} (28. Rb2 $1 $18 {[%cal Rb2c2]} Qe4 29. Nd2) 1/2-1/2

[Event "VIII Iberoamericano Mexico 2022"]
[Site "Mexico City"]
[Date "2022.02.13"]
[Round "2.14"]
[White "Quesada Perez, Luis Ernesto"]
[Black "Gongora Montes, Benjamin"]
[Result "1-0"]
[WhiteElo "2517"]
[BlackElo "2157"]
[Annotator "TA"]
[PlyCount "122"]
[EventDate "2022.02.12"]
[EventType "swiss"]
[EventCountry "MEX"]
[SourceTitle "playchess.com"]
[Source "ChessBase"]
[SourceQuality "1"]

{[%evp 12,122,30,16,51,24,32,29,35,43,73,34,59,59,58,55,42,46,70,54,85,25,60,54,128,134,448,443,470,485,577,380,388,374,362,161,161,161,161,68,73,73,75,73,73,0,69,69,67,68,69,66,73,66,83,84,83,92,92,87,80,93,96,69,68,64,74,63,54,8,8,8,8,0,0,0,8,8,8,0,82,82,82,8,8,0,8,8,29,38,39,53,169,169,318,325,609,595,608,593,593,552,720,708,912,889,2013,2062,1897,1732,1400,1246,981]} 1. d4 Nf6 2. c4 g6 3. Nc3 d5 4. cxd5 Nxd5 5. e4 Nxc3 6. bxc3 Bg7 7. Be3 {7.Nf3 is becoming the main line.} b6 {D85: Exchange Grünfeld: Unusual White 7th moves and lines with 7 Nf3.} 8. Bb5+ c6 {[#]} 9. Bc4 $146 ({Predecessor:} 9. Bd3 Ba6 10. Nf3 O-O 11. O-O c5 12. Bxa6 Nxa6 13. Qe2 cxd4 14. cxd4 Nc7 15. Rac1 {½-½ (36) Ghaem Maghami,E (2593)-Moradiabadi,E (2575) Guangzhou 2010}) 9... Qd7 {White has an edge.} 10. Qe2 O-O 11. Nf3 Qg4 12. Bg5 (12. e5 {feels hotter.} Qxg2 13. Rg1 Qh3 14. Ng5 Qh4 15. Bd3) 12... Be6 (12... Qxg2 13. Rg1 Qh3 14. Bxe7 $16) 13. Bxe6 (13. Bxe7 $2 Bxc4 14. Qxc4 Qxe4+ 15. Qe2 Qxe2+ 16. Kxe2 Re8 $19) 13... Qxe6 14. O-O Nd7 15. c4 f5 16. Rfe1 (16. e5 $16) 16... fxe4 17. Qxe4 Qxc4 (17... Qxe4 $14 18. Rxe4 c5) 18. Rac1 $16 {[%mdl 64] Skewer} (18. Qxe7 $6 Qd5 $11) (18. Bxe7 Rfc8 $14) 18... Qxa2 {[%mdl 8192]} (18... Qf7 $16 {is a better chance.}) 19. Qxc6 $18 Nf6 (19... Bxd4 $2 20. Rc2 (20. Nxd4 Qxf2+ 21. Kh1 Qxd4 $16) (20. Qxd7 Bxf2+ 21. Kh1 Bxe1 $16) 20... Qa5 21. Qc4+ (21. Qxd7 Rxf3 22. Rxe7 Rf7 $11) 21... e6 22. Qxd4 $18) 20. Rxe7 Nh5 21. d5 Rad8 22. d6 h6 23. Rxg7+ Nxg7 24. Bxd8 ({Don't do} 24. Bxh6 $6 Qe6 $14) 24... Rxd8 {[%cal Bf8d8,Bd8d6,Bd6e6][%mdl 32] [#]} 25. Qc7 (25. Re1 $1 $18) 25... Ne6 $14 26. Qe7 {White is more active.} Qd5 27. Re1 Rxd6 28. h4 ({White should play} 28. Qxa7 $16 Nf8 29. h3) 28... Nf8 (28... a5 $11) 29. Qxa7 Re6 30. Rc1 Rc6 31. Rb1 Qa5 32. Qb8 Re6 33. Qf4 Qf5 34. Qxf5 gxf5 $16 {[%mdl 4096] Endgame KRN-KRN} 35. Nd4 {[%csl LRe6,LRf5]} Rf6 36. Rb5 f4 37. Kh2 Kf7 38. Kh3 Nd7 $1 39. Rd5 Nc5 {[%cal Of4f3]} 40. h5 (40. f3 $14 {feels stronger.}) 40... Ne4 $11 41. f3 Nc3 42. Rd7+ Ke8 43. Rb7 Rd6 44. Nf5 Rf6 45. Re7+ Kd8 (45... Kf8 $1 $11 46. Re5 b5) 46. Re5 $16 b5 47. Kg4 (47. Nd4 $16) 47... b4 $11 {...b3 is the strong threat.} 48. Nd4 Rd6 49. Nb3 Nd5 50. Kf5 Rf6+ 51. Ke4 Ne3 (51... Nc3+ $14 52. Kd4 Kc7) 52. g4 $18 Nf1 {[#]} (52... Nc4 $142) 53. Rb5 $1 Nh2 $2 (53... Ke7 54. Nd4 Nd2+ 55. Ke5 Nc4+ 56. Kd5 Ne3+ 57. Ke4 Rd6 58. Rxb4 Kf6) 54. Nd4 {White is clearly winning.} Nf1 55. Rxb4 Nd2+ 56. Ke5 Rf7 57. Ra4 Re7+ 58. Kxf4 Rd7 59. Ra8+ Ke7 60. Nf5+ Ke6 61. Ra6+ Kd5 {Weighted Error Value: White=0.20 (precise) /Black=0.36} 1-0

[Event "VIII Iberoamericano Mexico 2022"]
[Site "Mexico City"]
[Date "2022.02.13"]
[Round "2.15"]
[White "Garcia de Dios, Jose Antonio"]
[Black "Henderson de La Fuente, Lance"]
[Result "1/2-1/2"]
[WhiteElo "2145"]
[BlackElo "2494"]
[Annotator "TA"]
[PlyCount "76"]
[EventDate "2022.02.12"]
[EventType "swiss"]
[EventCountry "MEX"]
[SourceTitle "playchess.com"]
[Source "ChessBase"]
[SourceQuality "1"]

{[%evp 14,76,38,27,36,33,44,33,38,29,61,33,35,0,0,0,11,15,16,16,20,10,35,12,37,27,19,23,22,23,13,20,28,19,9,10,14,18,11,25,20,0,11,0,0,0,44,0,0,0,0,5,462,-61,0,0,0,0,0,0,-2,-2,39,0,0]} 1. d4 e6 2. c4 f5 3. g3 Nf6 4. Bg2 Be7 5. Nc3 O-O 6. Nf3 d5 7. O-O c6 8. b3 b6 {A95: Classical Dutch: Classical Stonewall: 7 Nc3 c6.} 9. Bb2 Bb7 10. Rc1 Bd6 {White is slightly better.} 11. Qc2 {[#]} a6 $146 ({Predecessor:} 11... Nbd7 12. cxd5 cxd5 13. Nb5 Qe7 14. Nxd6 Qxd6 15. Qc7 Qxc7 16. Rxc7 Ba6 17. Rfc1 Bxe2 {1-0 (40) Solon,N (2306)-Bueno,A (2145) Chess.com INT 2021}) 12. Ne5 Nbd7 13. cxd5 cxd5 14. Nd3 Rc8 15. f3 Qe7 16. Qd2 b5 17. Rc2 Rcd8 18. Nd1 e5 19. dxe5 (19. Qg5 {is more complex.} e4 20. Nf4 exf3 21. exf3 Rc8 22. Rxc8 Bxc8 23. Nd3) 19... Nxe5 20. Nxe5 Bxe5 21. Bd4 Rc8 22. Rxc8 Rxc8 23. Ne3 g6 24. Rd1 f4 {[#] ...Bxd4 is the strong threat.} 25. Bxe5 Qxe5 26. gxf4 Qxf4 27. Ng4 Qd6 28. Qd4 Nxg4 29. fxg4 Re8 (29... Rc2 $11 {deserves consideration.}) 30. e4 (30. e3 $14) 30... Qf4 $1 $11 {[%cal Rd5e4]} 31. Rf1 Qe5 32. Qa7 Qe6 $2 {[%mdl 8192] [#]} 33. Qd4 $2 ({White has to play} 33. Qxb7 $18 dxe4 34. Rf4) 33... Qxg4 ({Black should try} 33... dxe4 $15 34. g5 Qe7) 34. Qa7 Re7 35. Qb8+ Qc8 36. Qxc8+ Bxc8 37. exd5 Rd7 (37... Re2 $11) 38. Bh3 (38. Rc1 $5 {[%cal Rc1c8]} Bb7 39. Bh3 $11) 38... Rd8 {Weighted Error Value: White=0.28 (precise) /Black=0.29 (precise)} 1/2-1/2

[Event "VIII Iberoamericano Mexico 2022"]
[Site "Mexico City"]
[Date "2022.02.13"]
[Round "2.16"]
[White "Rodriguez Vila, Andres"]
[Black "Luna Javier, Edgar Froylan"]
[Result "1/2-1/2"]
[WhiteElo "2461"]
[BlackElo "2148"]
[Annotator "TA"]
[PlyCount "125"]
[EventDate "2022.02.12"]
[EventType "swiss"]
[EventCountry "MEX"]
[SourceTitle "playchess.com"]
[Source "ChessBase"]
[SourceQuality "1"]

{[%evp 13,125,-5,0,-21,40,14,23,24,48,6,12,0,0,0,0,6,3,-15,-10,-22,-5,-7,0,0,0,-31,23,29,25,0,0,-1,45,43,39,44,45,24,35,24,31,27,45,0,0,0,0,0,0,0,11,11,11,11,11,0,0,0,47,0,42,38,38,0,0,0,0,0,0,0,0,0,0,0,86,86,86,13,13,13,13,0,0,0,0,0,0,0,0,0,0,0,0,0,0,0,0,0,0,0,0,0,0,0,0,0,0,0,0,0,0,0,-28000,-28000]} 1. f4 Nf6 2. Nf3 g6 3. g3 Bg7 4. Bg2 O-O 5. O-O c5 6. d3 d5 7. Qe1 Nc6 8. h3 {[#] A03: Bird's Opening with 1...d5.} e5 $146 (8... d4 $11) ({Predecessor:} 8... d4 9. Na3 Nd5 10. Nc4 b6 11. Bd2 Bb7 12. c3 e6 13. Rc1 Rc8 14. Qf2 Nde7 15. a4 Ba6 {½-½ (40) Svidler,P (2743)-Jakovenko,D (2745) Kazan 2014}) 9. Nxe5 Nxe5 10. fxe5 {White has an edge.} Ne8 11. Nc3 (11. e4 $14) 11... Be6 $11 12. e4 {[%cal Re4d5]} d4 13. Nd5 {[%cal Od5f6]} Bxe5 14. Bh6 Ng7 15. Nf4 Qd6 16. Rf3 Rac8 17. Qf2 b5 18. a4 a6 19. Kh2 c4 (19... Bd7 $15) 20. axb5 axb5 21. Rf1 (21. Nxe6 {keeps more tension.} fxe6 22. h4 Rxf3 23. Bxf3 Rf8 24. Kg2) 21... Ra8 22. Nxe6 fxe6 (22... Qxe6 $11 23. Qd2 f6) 23. Rxf8+ $14 Rxf8 24. Qxf8+ Qxf8 25. Rxf8+ Kxf8 26. dxc4 bxc4 $11 {[%mdl 4096] Endgame KBB-KBN} 27. Bf1 c3 28. b3 (28. bxc3 $14 dxc3 29. Kg2) 28... Ke7 29. Kg2 Nh5 30. Bg5+ Bf6 31. Bc1 Be5 32. g4 Nf4+ 33. Kf3 g5 34. h4 h6 35. b4 Bd6 (35... Kf6 $11) 36. b5 (36. hxg5 $14 {might be stronger.} hxg5 37. e5 Bxe5 38. Ke4) 36... e5 (36... d3 $11 37. cxd3 e5 38. hxg5 hxg5) 37. hxg5 hxg5 38. b6 (38. Bxf4 $5 gxf4 39. g5 $11) 38... Kd7 39. Bb5+ Kc8 40. Ba6+ Kb8 41. Bxf4 exf4 {KB-KB} 42. Ke2 Bc5 43. b7 Kc7 (43... Bd6 $11) 44. e5 $16 Ba7 45. Kf3 ({Better is} 45. e6 $16) 45... d3 $1 $11 46. Bxd3 Kxb7 47. Ke4 Kc6 48. Kf5 Kd5 49. e6 {[#] White wants to mate with e7.} Bc5 50. Kf6 {Threatens to win with e7.} f3 51. Ba6 {Black must now prevent Bb7+.} f2 52. Be2 Ke4 53. Kxg5 {[#] aiming for Kf6.} Ke5 54. Bc4 Kd4 55. Bd3 Ke5 56. Kh6 Kxe6 57. g5 {[%cal Bg4g5,Bg5g6][%mdl 32]} Ke5 58. g6 {g7 is the strong threat.} Bf8+ 59. Kg5 Be7+ 60. Kg4 {Hoping for g7.} Kf6 61. Kf3 f1=Q+ $4 {[%mdl 8192]} (61... Bc5 $11) 62. Bxf1 Kxg6 63. Ke2 {[%mdl 32768] Weighted Error Value: White=0.10 (very precise) /Black=0.11 (very precise) . An unexpected result.} 1/2-1/2

[Event "VIII Iberoamericano Mexico 2022"]
[Site "Mexico City"]
[Date "2022.02.13"]
[Round "2.17"]
[White "Vega Garcia, Jorge Arturo"]
[Black "Cardoso Cardoso, Jose Gabriel"]
[Result "1/2-1/2"]
[WhiteElo "2121"]
[BlackElo "2461"]
[Annotator "TA"]
[PlyCount "73"]
[EventDate "2022.02.12"]
[EventType "swiss"]
[EventCountry "MEX"]
[SourceTitle "playchess.com"]
[Source "ChessBase"]
[SourceQuality "1"]

{[%evp 10,73,0,-26,-15,-20,-20,-45,-46,-49,-14,-30,-30,-27,-22,-19,-24,-45,-30,-37,-29,-29,-30,-30,-33,-27,-29,-35,-35,-47,-51,-64,-32,-35,-33,-33,-30,-39,-33,-75,-11,-8,0,0,8,8,8,8,8,8,8,8,8,8,8,8,37,32,38,0,50,47,43,10,10,10]} 1. d4 Nf6 2. Nf3 d5 3. c4 e6 4. Bg5 dxc4 5. Qa4+ Nbd7 6. Qxc4 {[%cal Oe2e4]} c5 {D30: Queen's Gambit Declined: Systems without Nc3.} 7. e3 a6 8. a4 {Prevents b5.} cxd4 {[#] Black is slightly better.} 9. Qxd4 $146 ({Predecessor:} 9. exd4 Nb6 10. Qb3 Nbd5 11. Bc4 Bb4+ 12. Nc3 Qa5 13. Bd2 O-O 14. O-O Nb6 15. Bd3 {1-0 (52) Thurmer,J (2028)-Jeszenszky,J (2107) Hungary 2017}) 9... Bc5 (9... Qa5+ {feels hotter.} 10. Nc3 e5 11. Qc4 Bb4 12. Be2 h6) 10. Bxf6 Qxf6 11. Qxf6 Nxf6 12. Nbd2 Ke7 {[%cal Be8e7,Be7f6,Bf6e6][%mdl 32]} 13. Bd3 Bd7 14. Ke2 Rhd8 15. Rhc1 Rac8 16. Ne4 Bb4 17. Nxf6 Kxf6 18. b3 e5 19. h3 Be6 {A strong pair of Bishops.} 20. Bc4 Bxc4+ (20... Bf5 {seems wilder.} 21. Rd1 Bc2 22. Rxd8 Rxd8 23. h4 h6) 21. Rxc4 Rxc4 22. bxc4 $15 {[%mdl 4096] Endgame KRB-KRN} Ke6 23. Rb1 a5 24. Rd1 (24. Ng5+ $15 {is more appropriate.} Ke7 25. Rd1) 24... Rc8 (24... Rxd1 $17 25. Kxd1 f5) 25. Rd5 $11 Rxc4 26. Rxe5+ Kd7 {[#]} 27. Rxa5 $1 Rc2+ 28. Kd1 {aiming for Rb5.} Rxf2 29. Rb5 {[%csl LRb4,LRb7]} Bd6 30. Rxb7+ Bc7 31. Nd4 {[#] Nb5 is the strong threat.} Kc8 32. Ra7 Bb8 33. Re7 Bd6 34. Re4 (34. Ke1 $5 {[%cal Re7e8]}) 34... g6 (34... Rxg2 $11 35. Nb5 Bc5) 35. g4 Kd7 36. Nb5 {And now Rd4 would win.} Bc5 {To avoid Rd4+} 37. Rf4 {Weighted Error Value: White=0.10 (very precise) /Black=0.10 (very precise)} 1/2-1/2

[Event "VIII Iberoamericano Mexico 2022"]
[Site "Mexico City"]
[Date "2022.02.13"]
[Round "2.19"]
[White "Limon Olmos, Ivan Alonso"]
[Black "Ibarra Chami, Luis Fernando"]
[Result "0-1"]
[WhiteElo "2106"]
[BlackElo "2451"]
[Annotator "TA"]
[PlyCount "50"]
[EventDate "2022.02.12"]
[EventType "swiss"]
[EventCountry "MEX"]
[SourceTitle "playchess.com"]
[Source "ChessBase"]
[SourceQuality "1"]

{[%evp 13,50,3,39,1,6,-2,-4,-22,-18,-34,-20,-70,-56,-53,-56,-54,-66,-100,-100,-548,-514,-557,-539,-560,-559,-627,-562,-560,-449,-437,-447,-451,-453,-416,-431,-443,-412,-461,-450]} 1. d4 Nf6 2. Nf3 g6 3. c4 Bg7 4. Nc3 d5 5. Bg5 Ne4 6. Bf4 Nxc3 7. bxc3 dxc4 {[%cal Oc7c5]} 8. Qa4+ {D91: Grünfeld: 4 Nf3 Bg7 5 Bg5.} Nd7 9. e3 O-O 10. Qxc4 {The position is equal.} c5 {[%cal Bc7c5,Bc5d4][%mdl 32]} 11. Be2 cxd4 12. Bc7 {[#]} ({Much weaker is} 12. cxd4 Qa5+ 13. Kf1 e5 14. Nxe5 Nxe5 15. dxe5 Bxe5 16. Bxe5 Qxe5 $17) (12. exd4 $11 Nb6 13. Qc5) 12... b5 $146 ({Predecessor:} 12... Qe8 13. cxd4 Nf6 14. O-O Be6 15. Qb4 Nd5 16. Qxb7 Qd7 17. Bc4 {0-1 (17) Mendez Tovar,J (2035)-Corrales Jimenez,Z (2221) Mexico City 2021}) 13. Qc6 {[#]} Nb8 $1 14. Qc5 (14. Qxa8 $2 {loses.} Qxc7 15. O-O d3 16. Bxd3 Nc6 $19) 14... Qd7 15. Bxb5 Na6 16. Bxa6 $2 {[%mdl 8192]} (16. Bxd7 $17 {was the crucial defense.} Nxc5 17. Bc6 dxe3 18. Bxa8 Bxc3+ 19. Ke2 Ba6+ 20. Kxe3 Bxa1 21. Rxa1 Rxa8 22. Ba5) 16... Bxa6 $19 17. cxd4 Rfc8 18. Rc1 {[#]} Rab8 $1 {[%cal Ba8b8,Bb8b7,Bb7c7][%mdl 544]} 19. Rg1 (19. Bxb8 Rxc5) 19... Rb7 20. Qa5 Rcxc7 21. Rxc7 Qxc7 22. Qxc7 Rxc7 23. Kd2 {Inhibits Rc2+.} Bb7 24. Rb1 Bf6 25. Ne1 e5 {White got outplayed after the opening.  Weighted Error Value: White=0.70/Black=0.17 (very precise)} 0-1

[Event "VIII Iberoamericano Mexico 2022"]
[Site "Mexico City"]
[Date "2022.02.13"]
[Round "2.20"]
[White "Fernandez Sanchez, Mario Andres"]
[Black "Sanchez Alvarez, Roberto Carlos"]
[Result "0-1"]
[WhiteElo "2093"]
[BlackElo "2407"]
[Annotator "TA"]
[PlyCount "52"]
[EventDate "2022.02.12"]
[EventType "swiss"]
[EventCountry "MEX"]
[SourceTitle "playchess.com"]
[Source "ChessBase"]
[SourceQuality "1"]

{[%evp 9,52,0,0,0,10,0,0,0,0,0,0,-11,62,62,62,-62,-79,-78,-72,-79,-74,-104,-74,-123,-124,-125,-109,-136,-130,-231,-258,-526,-504,-593,-586,-719,-726,-1130,-1104,-1577,-1521,-6510,-5990,-2808,-2320]} 1. d4 {[%cal Bd2d4,Bd4c5][%mdl 32]} Nf6 2. Bf4 d5 3. e3 c5 4. Nf3 Nc6 5. Nbd2 Qb6 {[%csl LRb2,LRd4]} 6. dxc5 {D02: 1 d4 d5 2 Nf3 sidelines, including 2...Nf6 3 g3 and 2...Nf6 3 Bf4.} Qxb2 7. Rb1 Qc3 8. Bb5 {The position is equal.} e6 9. O-O Be7 10. e4 {[#] Threatens to win with exd5.} Qxc5 (10... O-O $11) 11. Be3 $14 Qa3 {[#]} 12. e5 $146 (12. Ne5 $1 $14 O-O 13. Nxc6 bxc6 14. Bxc6) ({Predecessor:} 12. Ne5 O-O 13. Nxc6 bxc6 14. Bxc6 Ba6 15. e5 Ne4 16. Nxe4 dxe4 17. Bxa8 Bxf1 18. Qxf1 Rxa8 {½-½ (44) Abasov,N (2656)-Maurizzi,M (2488) Reykjavik 2021}) 12... Nd7 $15 {[%cal Bf6d7,Bd7c5,Bc5b3][%mdl 32]} 13. c4 O-O 14. Bf4 Nc5 15. Re1 Bd7 16. Bg5 ({White should try} 16. Nb3) 16... Bxg5 $17 {Black is more active.} ({Don't play} 16... Qxa2 $6 17. Ra1 Qb2 18. Rb1 $11) 17. Nxg5 h6 {[%cal Bh7h6,Bh6g5][%mdl 32]} 18. Re3 Qxa2 19. Nb3 (19. Ra1 $17 {was necessary.} Qb2 20. Ngf3) 19... Nxb3 $19 ({Worse is} 19... hxg5 20. Nxc5 Be8 21. Nxb7 $11) 20. Rbxb3 (20. Rexb3 {is the only way for White.} dxc4 21. Bxc4) 20... hxg5 {Black is clearly winning.} 21. Ra3 Qb2 {[%cal Oc6d4]} 22. Bxc6 Bxc6 23. h4 dxc4 24. Qh5 Rfd8 {[#] aiming for ...Rd2.} 25. Qxg5 Rd1+ 26. Kh2 Qxf2 {Weighted Error Value: White=1.14/Black=0.09 (flawless)} 0-1

[Event "VIII Iberoamericano Mexico 2022"]
[Site "Mexico City"]
[Date "2022.02.13"]
[Round "2.21"]
[White "Perez Gormaz, Matias"]
[Black "Martinez Morales, Geovanni"]
[Result "1-0"]
[WhiteElo "2404"]
[BlackElo "2098"]
[Annotator "RC"]
[PlyCount "59"]
[EventDate "2022.02.12"]
[EventType "swiss"]
[EventCountry "MEX"]
[SourceTitle "playchess.com"]
[Source "ChessBase"]
[SourceQuality "1"]
[TimeControl "5400+30"]

1. e4 {[%emt 0:00:06]} e6 {[%emt 0:00:07]} 2. d4 {[%emt 0:01:27]} d5 {[%emt 0:00:10]} 3. Nc3 {[%emt 0:01:38]} Bb4 {[%emt 0:00:53]} 4. e5 {[%emt 0:00:31]} c5 {[%emt 0:01:28]} 5. a3 {[%emt 0:00:24]} Bxc3+ {[%emt 0:00:07]} 6. bxc3 {[%emt 0:00:09]} Ne7 {[%emt 0:00:11]} 7. Qg4 {[%emt 0:00:10]} Qc7 {[%emt 0:00:05]} 8. Bd3 {[%emt 0:00:16]} cxd4 {[%emt 0:04:41]} 9. Ne2 {[%emt 0:01:01]} dxc3 {[%emt 0:01:00]} 10. Qxg7 {[%emt 0:00:32]} Rg8 {[%emt 0:00:08]} 11. Qxh7 {[%emt 0:00:30]} Nbc6 {[%emt 0:00:56]} 12. Bf4 {[%emt 0:00:39]} Bd7 {[%emt 0:04:39]} 13. O-O {[%emt 0:00:11]} O-O-O {[%emt 0:04:18]} 14. Qxf7 {[%emt 0:05:54]} Rdf8 {[%emt 0:00:57]} 15. Qh5 {[%emt 0:00:13]} Rh8 {[%emt 0:06:23]} 16. Qg4 {[%emt 0:05:20]} Rhg8 {[%emt 0:00:59]} 17. Qh3 {[%emt 0:00:23]} d4 {[%emt 0:18:36]} 18. Bg3 {[%emt 0:08:22]} Nf5 {[%emt 0:04:20]} 19. Bxf5 {[%emt 0:01:44]} Rxf5 {[%emt 0:00:16]} 20. Rfd1 {[%emt 0:02:17]} Qb6 {[%emt 0:23:51]} 21. Rab1 {[%emt 0:00:59]} Qc5 {[%emt 0:00:20]} 22. Qh4 {[%emt 0:02:38]} Rxe5 {[%emt 0:13:07]} 23. Bxe5 {[%emt 0:26:02]} Nxe5 {[%emt 0:01:29]} 24. Nxd4 {[%emt 0:02:04]} Bc6 {[%emt 0:07:06]} 25. Qh3 {[%emt 0:03:30]} Rxg2+ {[%emt 0:02:21]} 26. Qxg2 {[%emt 0:00:27]} Bxg2 {[%emt 0:00:09]} 27. Nxe6 {[%emt 0:00:20]} Nf3+ {[%emt 0:01:32]} 28. Kxg2 {[%emt 0:00:08]} Nh4+ {[%emt 0:00:45]} 29. Kg1 {[%emt 0:00:12]} Nf3+ {[%emt 0:01:09]} 30. Kh1 {[%emt 0:00:06]} 1-0